000 00232nam a2200097Ia 4500
005 20251222114350.0
008 251222s1900||||xx |||||||||||||| ||spa||
082 _aDVD0092/G76/2006
245 0 _aEl SeƱor de los Milagros.
942 _cDVD
999 _c1213
_d1213